书目信息 |
| 题名: |
基础工程
|
|
| 作者: | 张明义 主编 | |
| 分册: | ||
| 出版信息: | 北京 中国建材工业出版社 2003.08 |
|
| 页数: | 281页 | |
| 开本: | 26cm | |
| 丛书名: | ||
| 单 册: | ||
| 中图分类: | TU4 | |
| 科图分类: | ||
| 主题词: | 地基--基础(工程)--高等学校--教材 , 土力学 , 地基--基础(工程) | |
| 电子资源: | ||
| ISBN: | 7-80159-251-4 | |
| 000 | 00709nam0 2200229 45 | |
| 005 | 20050421153454.63 | |
| 010 | @a7-80159-251-4@dCNY 28.00 | |
| 100 | @a20021010d2003 ekmy0chiy0121 ea | |
| 101 | 0 | @achi |
| 102 | @aCN@b110000 | |
| 105 | @aa z 000yy | |
| 200 | 1 | @a基础工程@Aji chu gong cheng@f张明义主编 |
| 210 | @a北京@c中国建材工业出版社@d2003.08 | |
| 215 | @a281页@c图@d26cm | |
| 330 | @a本书共五章:天然地基上浅基础,梁板式基础,桩基础,动力机器基础设计及地震区基础工程。 | |
| 606 | 0 | @a地基@x基础(工程)@x高等学校@j教材 |
| 606 | 0 | @a土力学 |
| 606 | 0 | @a地基@x基础(工程) |
| 690 | @aTU4@v3 | |
| 701 | 0 | @a张明义@Azhang ming yi@4主编 |
| 801 | 0 | @aCN@bQSSKf@c20050421 |
| 905 | @a10447@dTU4@eZ140 | |
| 基础工程/张明义主编.-北京:中国建材工业出版社,2003.08 |
| 281页:图;26cm |
| ISBN 7-80159-251-4:CNY 28.00 |
| 本书共五章:天然地基上浅基础,梁板式基础,桩基础,动力机器基础设计及地震区基础工程。 |
| ● |
| 相关链接 |
|
|
|
正题名:基础工程
索取号:TU4/Z140
 
预约/预借
| 序号 | 登录号 | 条形码 | 馆藏地/架位号 | 状态 | 备注 |
| 1 | 441651 | 204416514 | 建筑库101/101建筑库 93排2列3层/ [索取号:TU4/Z140] | 在馆 | |
| 2 | 441652 | 204416523 | 建筑库101/101建筑库 93排2列3层/ [索取号:TU4/Z140] | 在馆 | |
| 3 | 441653 | 204416532 | 建筑库101/101建筑库 93排2列3层/ [索取号:TU4/Z140] | 在馆 |